00596nas a2200205 4500001001000000003000900010005001700019007000300036008003400039040005400073041000900127072001300136100001000149245007700159650001300236650002100249650000900270650001200279773009900291BR7703793BR-BrBNA20231205083211.0ta230509b bl.|||p| |||| 00| 00por d aBR-BrBNAbporcBiblioteca Nacional de Agricultura a(Pt) aB50; F001 aAnon.1 aPadres e nobres fugidos; os introdutores do cafe no sul do pais [Brasil] aHistoria aProducao vegetal aCafe aFazenda0 tRevista do Comercio de Cafe (Brazil)xISSN 0034-9224g(May 1977), v. 57(623) p. 2-6wBR7703793